Memoria de los años decisivos : (Record no. 9240)

MARC details
000 -LEADER
campo de control de longitud fija 00856nam a2200253 i 4500
001 - NÚMERO DE CONTROL
campo de control 9240
003 - IDENTIFICADOR DE NÚMERO DE CONTROL
campo de control ES-MaACL
005 - FECHA Y HORA DE LA ÚLTIMA TRANSACCIÓN
campo de control 20230906145632.0
008 - DATOS DE LONGITUD FIJA--INFORMACIÓN GENERAL
campo de control de longitud fija 930526s1993 sp ||||1| spa d
020 ## - NÚMERO INTERNACIONAL ESTÁNDAR DEL LIBRO
Número Internacional Estándar del Libro 84-483-0005-X
080 ## - NÚMERO DE LA CLASIFICACIÓN DECIMAL UNIVERSAL
Número de la Clasificación Decimal Universal 32:929 Gorbachiov
080 ## - NÚMERO DE LA CLASIFICACIÓN DECIMAL UNIVERSAL
Número de la Clasificación Decimal Universal 32(47+57)"1985/91"
100 1# - ENTRADA PRINCIPAL--NOMBRE DE PERSONA
Nombre de persona Gorbachiov, Mijail Sergueevich.
9 (RLIN) 59129
245 10 - MENCIÓN DEL TÍTULO
Título Memoria de los años decisivos :
Resto del título 1985-1992 /
Mención de responsabilidad, etc. Mijaíl Gorbachov ; [traducción del ruso por CL Servicios Lingüísticos].
260 ## - PUBLICACIÓN, DISTRIBUCIÓN, ETC.
Lugar de publicación, distribución, etc. Madrid :
Nombre del editor, distribuidor, etc. Acento,
Fecha de publicación, distribución, etc. [1993]
300 ## - DESCRIPCIÓN FÍSICA
Extensión 381 p. ;
Dimensiones 22 cm.
490 1# - MENCIÓN DE SERIE
Mención de serie Signo más ;
Designación de volumen o secuencia 5
600 14 - PUNTO DE ACCESO ADICIONAL DE MATERIA--NOMBRE DE PERSONA
Nombre de persona Gorbachiov, Mijail Sergueevich.
9 (RLIN) 59129
651 #4 - PUNTO DE ACCESO ADICIONAL DE MATERIA--NOMBRE GEOGRÁFICO
Nombre geográfico URSS-
Subdivisión general Historia-
Subdivisión cronológica 1985-1991.
9 (RLIN) 157400
651 #4 - PUNTO DE ACCESO ADICIONAL DE MATERIA--NOMBRE GEOGRÁFICO
Nombre geográfico URSS-
Subdivisión general Política y gobierno-
Subdivisión cronológica 1985-1991.
9 (RLIN) 9483
830 1# - PUNTO DE ACCESO ADICIONAL DE SERIE-TÍTULO UNIFORME
Título uniforme Signo más ;
Designación de volumen o secuencia 5
9 (RLIN) 178417
852 ## - LOCALIZACIÓN
Ubicación ES-MaACL
Número de control de estantería L-16709
Holdings
Estatus retirado Estado de pérdida Estado de daño No para préstamo Biblioteca de origen Biblioteca actual Ubicación en estantería Fecha de adquisición Fuente de adquisición Total de préstamos Signatura topográfica completa Código de barras Visto por última vez Precio de reemplazo Tipo de ítem Koha
        Biblioteca del Ateneo de Madrid Biblioteca del Ateneo de Madrid Depósito 2 17/01/2008     L-16709 1009429 23/02/2023 23/02/2023 Libro impreso